000 00651nam a2200193Ia 4500
003 GCL
008 140319s9999 xx 000 0 ara d
020 _a0196270977
040 _aGCL /
_cGCL
082 0 4 _a450
_bج ت
100 1 _aجمال نادر
245 1 0 _aتعلم اللغة الايطالية وقواعدها بدون معلم /
_cجمال نادر
250 _aالاولى
260 _aالاردن :
_bدار الاسراء للنشر والتوزيع ،
_c2005
300 _a93 ص ؛
_c24 سم
650 0 4 _aاللغة الايطالية
650 0 4 _aاللغة الايطالية - تعليم وتدريس
942 _2ddc
_cBK
999 _c44611
_d44611